Normal view
MARC view
- الوحدة العربية -- القومية العربية -- البلاد العربية -- سياسة وحكومة
Entry Topical Term
001 - CONTROL NUMBER
- control field: 45303
003 - CONTROL NUMBER IDENTIFIER
- control field: JO-AjAnu
005 - DATE AND TIME OF LATEST TRANSACTION
- control field: 20230606081508.0
008 - FIXED-LENGTH DATA ELEMENTS
- fixed length control field: 230606|| aca||aabn | a|a d
040 ## - CATALOGING SOURCE
- Original cataloging agency: JO-AjAnu
- Transcribing agency: JO-AjAnu
150 ## - HEADING--TOPICAL TERM
- Topical term or geographic name entry element: الوحدة العربية -- القومية العربية -- البلاد العربية -- سياسة وحكومة
670 ## - SOURCE DATA FOUND
- Source citation: Work cat.: (JO-AjAnu)23195: الحسن بن طلال, author 45302, سين وجيم : قضايا معاصرة